000 00746nam a2200193Ii 4500
003 JO-AjNU
008 230605s9999||||xx |||||||||||||| ||und||
040 _aJO-AjNU
_bara
_erda
_cJO-AjNU
041 _aara
050 1 4 _aHT166 1996
100 3 _aاعداد سميرات، صخر,
_eauthor
_952215
245 0 0 _aندوة نحو تخطيط لاردن عام 2020 : نظام المعلومات الوطني وتنمية الاقاليم
264 3 1 _aعمان: امانة عمان الكبرى،تخطيط اقليم الوسط ، 1996
300 _aالترقيم متعدد
336 _atext
_btxt
_2rdacontent
337 _aunmediated
_bn
_2rdamedia
338 _avolume
_bnc
_2rdacarrier
650 4 _aالتخطيط الاقليمي
_952216
999 _aA23117
_c26685
_d26685